| 000 | 00545nam a2200193Ia 4500 | ||
|---|---|---|---|
| 005 | 20231117103407.0 | ||
| 008 | 131103s9999 xx 000 0 und d | ||
| 020 |
_a817036325X _cRs.135.00 |
||
| 040 | _aLoreto College | ||
| 041 | _aEnglish | ||
| 082 |
_a323 _bHUM |
||
| 245 |
_aHuman rights in India _b The updated Amnesty International Report _cAmnesty International |
||
| 260 |
_aNew Delhi _bVistaar Publications _c1993 |
||
| 300 | _axi,226p | ||
| 504 | _aIncludes appendices | ||
| 650 | _aHuman rights | ||
| 850 | _aLCLIB | ||
| 942 | _cBK | ||
| 999 |
_c36364 _d86843 |
||